000 00905nam a22002657a 4500
999 _c3526
_d234030
020 _a9789872459147
080 _a342.72/ 73 + 343 M 889
245 _aMuertes Silenciadas: La Eliminaciòn de los "delincuentes"
_bUna mirada sobre las pràcticas y los discursos de los medios de comunicaciòn, la Policìa y la Justicia
260 _aBuenos Aires
_bEdiciones del CCC. Centro cultural de la Cooperaciòn Floreal Gorini
_c2009
300 _a219 P.
_c23 X 15 Cm.
650 _xCriminologia
700 _aDaroqui, Alicia
700 _aMotto, Carlos Ernesto
700 _aCalzado, Mercedes
700 _aMaggio, Nicolàs
700 _aCepeda, Luciana
700 _aLòpez, Ana Laura
700 _aReinoso, Viviana
700 _aViñas, Silvia
700 _aCanavesio, Marìa Lucìa
700 _aDamone, Marìa Luz
700 _aMagistris, Gabriela
942 _6_
945 _acd
_d2015-02-25